| 000 | 01356nam a22002897a 4500 | ||
|---|---|---|---|
| 005 | 20110613114014.0 | ||
| 008 | 110613t xxu||||| |||| 00| 0 eng d | ||
| 020 | _a0406205108 | ||
| 040 | _aLDC | ||
| 082 |
_222 _a344.046 GAR |
||
| 245 |
_aGarner's environmental law : Bulletins Directory Information finder, Tables and Index / _cGarner, J.F. ...[etal] . _ |
||
| 260 |
_aLondon : _bButterworths, _cc1997- |
||
| 300 |
_av. (loose-leaf) ; _c26cm. |
||
| 500 | _aContains supplements "A guide to environmental regulation in the UK" and "A directory of environmental regulators in the UK" by Ian Doolittle. | ||
| 500 | _aScottish editor, H. McN. Henderson. | ||
| 500 | _aPractice editor I. Doolittle. | ||
| 500 | _aTo 1992 title is "Control of pollution encyclopaedia". | ||
| 500 | _aFrom Feb. 1996 bulletins entitled "Environmental law bulletin". | ||
| 650 |
_aEnvironmental law _vHandbooks, manuals, etc. _95486 |
||
| 700 |
_aGarner, J. F. _d1914- _q(John Francis), _95487 |
||
| 700 |
_aHarris, D. J. _95483 |
||
| 700 |
_aHenderson, H. McN. _95484 |
||
| 700 |
_aDoolittle, I. _q(Ian) _95488 |
||
| 942 |
_2ddc _cBK |
||
| 999 |
_c2754 _d2754 |
||